El dilema humano en profesores ante la reforma educacional, sus aprendizajes significativos y sus tendencias de actualización personal. Un estudio exploratorio descriptivo sobre como resuelven este dilema los profesores de la enseñanza básica del sector municipalizado de la comuna de Puente Alto.

Bibliographic Details
Main Author: Herrera Parra
Other Authors: Ramírez Montano, Ana Aida, Zamora Hernández, Alvaro Profesor guía
Format: Tesis
Language:Spanish
Published: Santiago, Chile Universidad Academia de Humanismo Cristiano 2002
Subjects:

MARC

LEADER 00000cam a2200000 a 4500
001 047524
003 UAHC_CL
005 20230314114714.0
008 021120b cl 000 spa
040 |a UAHC_CL  |c UAHC_CL  |d UAHC_CL 
100 1 |a Herrera Parra 
245 1 3 |a El dilema humano en profesores ante la reforma educacional, sus aprendizajes significativos y sus tendencias de actualización personal. Un estudio exploratorio descriptivo sobre como resuelven este dilema los profesores de la enseñanza básica del sector municipalizado de la comuna de Puente Alto. 
260 |b Universidad Academia de Humanismo Cristiano  |c 2002  |a Santiago, Chile 
300 |a 166 p. 
500 |a Tesis para optar al título de Psicólogo y al grado de Licenciado en Psicología 
525 |a Tesis disponible en formato electrónico. Solicitar en Referencia o vía correo electrónico a: lopazo@academia.cl 
650 4 |a REFORMA EDUCACIONAL 
650 4 |a CALIDAD DE LA EDUCACION 
650 4 |a Perfeccionamiento de profesores 
700 1 |a Ramírez Montano, Ana Aida 
700 1 |a Zamora Hernández, Alvaro  |c Profesor guía 
900 |a TPSICO 63 
942 |c TS 
952 |0 0  |1 0  |4 0  |6 TPSICO_63_000000000000000  |7 0  |8 General  |9 85470  |a BC  |b BC  |c General  |d 2017-08-03  |l 0  |o TPSICO 63  |p 1334591  |r 2019-01-15 00:00:00  |t 1  |w 2017-08-03  |y BK 
952 |0 0  |1 0  |4 0  |6 TPSICO_63_000000000000000  |7 0  |8 General  |9 85471  |a BC  |b BC  |c General  |d 2017-08-03  |l 0  |o TPSICO 63  |p 1381843  |r 2019-01-15 00:00:00  |t 1  |w 2017-08-03  |y BK 
999 |c 47524  |d 47524